| 000 | 00622nam a22001937a 4500 | ||
|---|---|---|---|
| 005 | 20160803123925.0 | ||
| 010 | _a ENG-115515 | ||
| 020 |
_a9789351437987 _c495.00 |
||
| 035 | _aEN-99047 | ||
| 037 | _bDBAD/PUB | ||
| 082 | _a346.540926 | ||
| 100 | _aVohra,Amit | ||
| 245 |
_aCapital markets and securities laws / _cby Amit Vohra _b[CS executive: module II paper VI] |
||
| 250 | _a2nd ed. | ||
| 260 |
_aGurgaon _bLexis Nexis _c2016 |
||
| 270 |
_a14th Floor, Building No 10, Tower-B, DLF Cyber City, Phase-ll, _bGurgaon _e122002 |
||
| 300 |
_av,410p. _c24cm(pbk) |
||
| 942 |
_2ddc _cEN _mVOH _h346.540926 |
||
| 999 |
_c101762 _d101762 |
||